00680 2200241 4500001002100000005001500021035002000036007000300056008004100059020002200100082001800122084002400140100001900164245005400183250001000237260007800247300003700325500001100362650001200373650001100385504003100396990001100427INLIS00000000000547220200303111107 a0010-0320000040ta200303 g 0 ind  a978-979-19634-7-3 aR.900.598 196 aR.900.598 196 AKH k0 aAKHMAD, Elvian1 aKotakapur dalam Lintasan Sejarah /cAkhmad Elvian acet.1 aPangkalpinang :bDinas Kebudayaan, Pariwisata, Pemuda dan Olahraga,c2011 axii, 123 hlm. :bilus. ;c21 cm. aIndeks 4aSEJARAH 4aBANGKA aBibliografi : hlm. 108-112 a4116 a